পাকিস্তান এশিয়ার প্রাণকেন্দ্র / (Record no. 55190)
[ view plain ]
| 000 -LEADER | |
|---|---|
| fixed length control field | 00930nam a2200253 a 4500 |
| 001 - CONTROL NUMBER | |
| control field | 55190 |
| 003 - CONTROL NUMBER IDENTIFIER | |
| rucl marc code | BD-RjUL |
| 005 - DATE AND TIME OF LATEST TRANSACTION | |
| control field | 20211209080229.0 |
| 008 - FIXED-LENGTH DATA ELEMENTS--GENERAL INFORMATION | |
| fixed length control field | 161115s1968 bg ||||| |||| 00| 0 ben d |
| 020 ## - INTERNATIONAL STANDARD BOOK NUMBER | |
| Terms of availability | : TK 4.00 |
| 035 ## - SYSTEM CONTROL NUMBER | |
| System control number | (BD-RjUL)55312 |
| 040 ## - CATALOGING SOURCE | |
| Original cataloging agency | BD-RjUL |
| Language of cataloging | ben |
| Transcribing agency | BD-RjUL |
| 041 ## - LANGUAGE CODE | |
| Language code of text/sound track or separate title | ben |
| 082 ## - DEWEY DECIMAL CLASSIFICATION NUMBER | |
| Edition number | 23 |
| Classification number | 954.91 |
| Author mark and year | KHP 1964 |
| 100 ## - MAIN ENTRY--PERSONAL NAME | |
| Personal name | খান, লিয়াকত আলী |
| 9 (RLIN) | 164440 |
| 245 10 - TITLE STATEMENT | |
| Title | পাকিস্তান এশিয়ার প্রাণকেন্দ্র / |
| Statement of responsibility, etc. | লিয়াকত আলী খান |
| 250 ## - EDITION STATEMENT | |
| Edition statement | ১ম সং . |
| 260 ## - PUBLICATION, DISTRIBUTION, ETC. (IMPRINT) | |
| Place of publication, distribution, etc. | ঢাকা : |
| Name of publisher, distributor, etc. | নওরোজ কিতাবিস্থান, |
| Date of publication, distribution, etc. | ১৯৬৪ |
| 300 ## - PHYSICAL DESCRIPTION | |
| Pagination | ১৬৮ পৃ. ; |
| Size | ২১ সেমি . |
| 651 ## - SUBJECT ADDED ENTRY--GEOGRAPHIC NAME | |
| Geographic name | পাকিস্তান |
| 9 (RLIN) | 119512 |
| Geographic name | Pakistan |
| 9 (RLIN) | 164441 |
| 700 ## - ADDED ENTRY--PERSONAL NAME | |
| Personal name | রহিম, আবদুর, অনুবাদ |
| 942 ## - ADDED ENTRY ELEMENTS (KOHA) | |
| Source of classification or shelving scheme | Dewey Decimal Classification |
| Koha item type | Books |
| Lost status | Source of classification or shelving scheme | Damaged status | Not for loan | Collection code | Permanent Location | Current Location | Shelving location | Date acquired | Source of acquisition | Cost, normal purchase price | Total Checkouts | Full call number | Date last seen | Copy number | Koha item type |
|---|---|---|---|---|---|---|---|---|---|---|---|---|---|---|---|
| Dewey Decimal Classification | Non-fiction | Central Library, University of Rajshahi | Central Library, University of Rajshahi | 15/11/1967 | Chayanika | 4.00 | B 954.91 KHP 1964 | 15/11/2016 | C-2 | Books |